书目信息 |
| 书名: | the Black Family | |
| 作者: | Robert Staples. | |
| 分册号: | ||
| 分册名: | 出版地: | Belmont : |
|
| 出版社: | Wadsworth Pub.Co | |
| 出版时间: | 1991. | |
| 页数: | 326 p. ; | |
| 开本: | 29cm. | |
| 丛书名: | ||
| 中图分类号: | ||
| 科图分类号: | ||
| 其他分类号: | D771.281 | |
| 主题词: | ||
| 电子资源: | ||
| 000 | 00441nam 2200157 a 4500 | |
| 001 | E0257160391 | |
| 005 | 2002031315523969 | |
| 008 | 020313s1991 00010 eng | |
| 020 | @a0-534-15378-X :@cRMB 12.00. | |
| 040 | @aPFT@beng | |
| 090 | @aD771.281 | |
| 099 | @dD771.281@eS794 | |
| 245 | @athe Black Family :@bEssays and Studies / @cRobert Staples. | |
| 250 | @a4th ed. | |
| 260 | @aBelmont :@bWadsworth Pub.Co.,@c1991. | |
| 300 | @a326 p. ;@c29cm. | |
| the Black Family : : Essays and Studies / / Robert Staples.-4th ed.-Belmont : : Wadsworth Pub.Co., , 1991. |
| 326 p. ; ; 29cm. |
| ISBN 0-534-15378-X :RMB 12.00. |
| ● |
| 相关链接 |
|
|
|
正题名:the Black Family
索取号:D771.281/S794
 
预约/预借
| 序号 | 登录号 | 条形码 | 馆藏地/架位号 | 状态 | 备注 |
| 1 | 01900 | 300019003 | 社科库509/509社科库 53排3列3层/ [索取号:D771.281/S794] | 在馆 | |
| 2 | 02810 | 300028100 | 社科库509/509社科库 53排3列3层/ [索取号:D771.281/S794] | 在馆 |